Statistics for Generator Puzzle #29

Click here to take the quiz!

General Stats

  • This quiz has been taken 253 times
  • The average score is 14 of 21

Answer Stats

Hint Answer % Correct
Railway vehicleTrain
91%
Teller of fibsLiar
88%
Get out of jail moneyBail
88%
Come to a stopHalt
86%
Using ones and zerosBinary
78%
Wet, as weatherRainy
78%
Court proceedingTrial
74%
Bearing of offspringBirth
73%
Large tub of waterBath
73%
Dried grassHay
71%
Shakespearean 'your'Thy
67%
Zodiacal signLibra
67%
Fingertip protectorNail
63%
Nun's garmentHabit
63%
African countryLibya
62%
Smart, intelligentBrainy
62%
Sword handleHilt
56%
HirsuteHairy
53%
Donkey's cryBray
51%
Of an ethnic groupTribal
24%
9-Letter WordLABYRINTH
19%

Score Distribution

Percentile by Number Answered

Percent of People with Each Score

Your Score History

You have not taken this quiz